000 00390 a2200157 4500
001 194180
020 _a978-85-250-6434-9
040 _cMagnum
100 _aUmrigar, Thrity N
240 1 0 _aQuando você estava na minha barriga
_lpor
245 1 0 _aQuando você estava na minha barriga
300 _a40
362 0 _a2017
697 _aLÍNGUA - LINGÜÍSTICA - LITERATURA
942 _cBK
999 _c194180
_d194180